000 00840cam a22002893a 4500
001 24921
003 PGUSA
005 20140828083533.0
008 080327s2008||||xxu|||||s|||||000 1 eng d
040 _aPGUSA
_beng
042 _adc
050 4 _aPZ
100 1 _aNeville, Emily
245 1 0 _aIt's like this, cat
_h[electronic resource] /
_cEmily Neville
260 _bProject Gutenberg,
_c2008
506 _aPublic domain in the USA.
516 _aElectronic text
653 _aFriendship -- Juvenile fiction
653 _aFathers and sons -- Juvenile fiction
653 _aCats -- Juvenile fiction
653 _aNew York (N.Y.) -- Juvenile fiction
653 _aFamily -- Juvenile fiction
700 1 _aWeiss, Emil
830 0 _aProject Gutenberg
_v24921
856 4 0 _uhttp://www.gutenberg.org/ebooks/24921
942 _cEB
999 _c254176
_d254176